Library Logo

Pioneer International University Library Catalogue

Multistate workbook. (Record no. 6143)

MARC details
000 -LEADER
fixed length control field 00608cam a2200181 a 4500
005 - DATE AND TIME OF LATEST TRANSACTION
control field 20250901165557.0
008 - FIXED-LENGTH DATA ELEMENTS--GENERAL INFORMATION
fixed length control field 850307m19839999pau 000 0 eng
010 ## - LIBRARY OF CONGRESS CONTROL NUMBER
LC control number 85126866
050 00 - LIBRARY OF CONGRESS CALL NUMBER
Classification number K 460.k3 2008
082 00 - DEWEY DECIMAL CLASSIFICATION NUMBER
Classification number 349.73/076
-- 347.30076
Edition information 19
245 00 - TITLE STATEMENT
Title Multistate workbook.
260 ## - PUBLICATION, DISTRIBUTION, ETC.
Place of publication, distribution, etc. [Philadelphia, Pa.] :
Name of publisher, distributor, etc. Multistate Legal Studies, Inc.,
Date of publication, distribution, etc. c1983-
300 ## - PHYSICAL DESCRIPTION
Extent v. ;
Dimensions 28 cm.
500 ## - GENERAL NOTE
General note At head of title: PMBR multistate specialist.
500 ## - GENERAL NOTE
General note Published: Pacific Palisades, CA (1986- ); Santa Monica, CA (1988- ).
500 ## - GENERAL NOTE
General note Kept up to date by annual revised volumes.
942 ## - ADDED ENTRY ELEMENTS (KOHA)
Source of classification or shelving scheme Dewey Decimal Classification
Holdings
Withdrawn status Lost status Source of classification or shelving scheme Damaged status Not for loan Home library Current library Shelving location Date acquired Total checkouts Full call number Barcode Date last seen Price effective from Koha item type
    Library of Congress Classification     Main Library Main Library   10/26/2023   K 460.k3 2008 PIU0003840 10/26/2023 10/26/2023 Books